| 000 | 00553nam a2200205Ia 4500 | ||
|---|---|---|---|
| 008 | 160803s9999 xx 000 0 und d | ||
| 020 | _a9780590430531 | ||
| 100 | _aVerne, Jules | ||
| 245 | _aAround the world in eighty days / | ||
| 245 | _cby Jules Verne ; translated from the French by Edward Roth. | ||
| 260 | _aNew York : | ||
| 260 | _bScholastic Inc. | ||
| 260 | _c1874 | ||
| 300 | _a237 pages ; | ||
| 300 | _c19 cm | ||
| 650 | _aAdventure stories. | ||
| 650 | _aVoyages around the world -- | ||
| 650 | _xFiction. | ||
| 700 | _a1070 | ||
| 999 |
_c298742 _d298742 |
||